[Event "Hamburg Seniors-ch 20th"]
[Site "Hamburg"]
[Date "2013.10.30"]
[Round "1"]
[White "Hermann, Armin"]
[Black "Woelk, Siegfried"]
[Result "0-1"]
[WhiteElo "1515"]
[BlackElo "2030"]
[PlyCount "126"]
[EventDate "2013.10.30"]
[EventType "swiss"]
[EventRounds "9"]
[EventCountry "GER"]
[SourceTitle "EXT 2015"]
[Source "ChessBase"]
[SourceDate "2014.11.20"]
[SourceVersion "1"]
[SourceVersionDate "2014.11.20"]
[SourceQuality "1"]

1. Nf3 g6 2. d4 Bg7 3. c3 d5 4. e3 c6 5. Bd3 Bg4 6. Nbd2 Nd7 7. 0-0 e5 8. dxe5 Nxe5 9. Be2 Bxf3 10. Nxf3 Ne7 11. Qc2 0-0 12. Bd2 Re8 13. Rac1 Qd6 14. Rfd1 Rad8 15. e4 Qc7 16. exd5 Nxd5 17. h3 Nf4 18. Bxf4 Nxf3+ 19. Bxf3 Rxd1+ 20. Rxd1 Qxf4 21. Qd2 Qc7 22. Re1 Rd8 23. Qe2 Bf6 24. Rd1 Rf8 25. Re1 Kg7 26. Rd1 h5 27. Rd3 Qa5 28. a3 Qb5 29. Rd1 Qb3 30. Rd3 Qb5 31. Rd1 Qf5 32. Qe4 Qc8 33. Qe2 Re8 34. Qd3 Qc7 35. Qd2 Qb6 36. Kf1 Qb3 37. Re1 Rd8 38. Qe2 Qa4 39. Rd1 Qf4 40. Rxd8 Bxd8 41. Qd1 Bf6 42. Ke2 Qe5+ 43. Kf1 Bg5 44. Qc2 Qf4 45. b3 Bf6 46. a4 Qe5 47. c4 Qa1+ 48. Qd1 Qc3 49. Be2 Qb2 50. Bf3 Bd4 51. Be2 c5 52. Qd3 Qc1+ 53. Qd1 Qf4 54. Bf3 b6 55. Qc2 Qh2 56. Qd2 Qh1+ 57. Ke2 Qb1 58. Qd1 Qb2+ 59. Kd3 Qxf2 60. Qe2 Qg1 61. Be4 Qb1+ 62. Qc2 Qe1 63. Qe2 Qc3# 0-1

[Event "GER Cup GrD Seniors 1st"]
[Site "Bad Blankenburg"]
[Date "2011.08.23"]
[Round "6"]
[White "Hermann, Armin"]
[Black "Pfueller, Volker"]
[Result "0-1"]
[WhiteElo "1518"]
[BlackElo "1540"]
[PlyCount "76"]
[EventDate "2011.08.18"]
[EventType "swiss"]
[EventRounds "7"]
[EventCountry "GER"]
[SourceTitle "CBM 144 Extra"]
[Source "ChessBase"]
[SourceDate "2011.10.28"]
[SourceVersion "1"]
[SourceVersionDate "2011.10.28"]
[SourceQuality "1"]

1. Nf3 f5 2. d4 Nf6 3. g3 g6 4. Bg2 Bg7 5. c4 0-0 6. 0-0 d6 7. Nc3 a5 8. Qc2 Qe8 9. Re1 e5 10. dxe5 dxe5 11. e3 e4 12. Nd4 Na6 13. Bd2 c6 14. a3 Nc5 15. Bf1 Bd7 16. b4 Ne6 17. Nxe6 Bxe6 18. Ne2 Ng4 19. Rab1 Ne5 20. Nd4 a4 21. Red1 Bf7 22. Be2 b6 23. c5 b5 24. Bc3 Bc4 25. Bxc4+ Nxc4 26. Qa2 Rd8 27. Ne2 Qe7 28. Bxg7 Kxg7 29. Qa1+ Kh6 30. Kg2 Rd3 31. Rxd3 exd3 32. Nf4 Qe4+ 33. Kg1 Nd2 34. Rd1 Nf3+ 35. Kg2 d2 36. Kh3 g5 37. Ne2 g4+ 38. Kg2 Ne1+ 0-1

[Event "GER Cup GrD Seniors 1st"]
[Site "Bad Blankenburg"]
[Date "2011.08.21"]
[Round "4"]
[White "Helbig, Christoph"]
[Black "Hermann, Armin"]
[Result "1-0"]
[WhiteElo "1645"]
[BlackElo "1518"]
[PlyCount "51"]
[EventDate "2011.08.18"]
[EventType "swiss"]
[EventRounds "7"]
[EventCountry "GER"]
[SourceTitle "CBM 144 Extra"]
[Source "ChessBase"]
[SourceDate "2011.10.28"]
[SourceVersion "1"]
[SourceVersionDate "2011.10.28"]
[SourceQuality "1"]

1. Nf3 d5 2. c4 e6 3. b3 Nf6 4. g3 Nbd7 5. Bb2 Be7 6. Bg2 c6 7. 0-0 0-0 8. d3 Qc7 9. Nbd2 b6 10. e4 dxe4 11. dxe4 e5 12. Qc2 Bb7 13. Ne1 Rad8 14. Nd3 Rfe8 15. f4 exf4 16. gxf4 Ng4 17. Rf3 f6 18. h3 Nh6 19. e5 fxe5 20. Nxe5 Bc5+ 21. Kh1 Bb4 22. Ne4 Bf8 23. Nxd7 Qxd7 24. Rg3 Kf7 25. Ng5+ Kg8 26. Qxh7# 1-0

[Event "GER Cup GrD Seniors 1st"]
[Site "Bad Blankenburg"]
[Date "2011.08.20"]
[Round "3"]
[White "Maczollek, Helmut"]
[Black "Hermann, Armin"]
[Result "1/2-1/2"]
[WhiteElo "1493"]
[BlackElo "1518"]
[PlyCount "33"]
[EventDate "2011.08.18"]
[EventType "swiss"]
[EventRounds "7"]
[EventCountry "GER"]
[SourceTitle "CBM 144 Extra"]
[Source "ChessBase"]
[SourceDate "2011.10.28"]
[SourceVersion "1"]
[SourceVersionDate "2011.10.28"]
[SourceQuality "1"]

1. d4 d5 2. Nf3 Nf6 3. e3 e6 4. Bd3 Be7 5. Nbd2 Nbd7 6. 0-0 c5 7. b3 0-0 8. Bb2 Qc7 9. Ne5 cxd4 10. exd4 Bd6 11. f4 Bb4 12. a3 Bxd2 13. Qxd2 b6 14. Rac1 Bb7 15. c4 Qd6 16. Qe2 Rac8 17. Rc2 1/2-1/2

[Event "GER Cup GrD Seniors 1st"]
[Site "Bad Blankenburg"]
[Date "2011.08.18"]
[Round "1"]
[White "Geibel, Henning"]
[Black "Hermann, Armin"]
[Result "0-1"]
[WhiteElo "1250"]
[BlackElo "1518"]
[PlyCount "76"]
[EventDate "2011.08.18"]
[EventType "swiss"]
[EventRounds "7"]
[EventCountry "GER"]
[SourceTitle "CBM 144 Extra"]
[Source "ChessBase"]
[SourceDate "2011.10.28"]
[SourceVersion "1"]
[SourceVersionDate "2011.10.28"]
[SourceQuality "1"]

1. e4 e5 2. Bc4 Nf6 3. d3 Bc5 4. Nf3 d6 5. Bg5 Nc6 6. Nc3 Be6 7. b3 Bb4 8. Qd2 Bg4 9. a3 Bxc3 10. Qxc3 Bxf3 11. gxf3 Nd4 12. f4 b5 13. Bd5 Rc8 14. b4 Nf3+ 15. Kf1 Nxg5 16. fxg5 Nxd5 17. Qc6+ Qd7 18. Qxd5 c6 19. Qb3 Qh3+ 20. Ke1 Qg2 21. Ke2 Qg4+ 22. Kd2 Qxg5+ 23. Kc3 d5 24. a4 dxe4 25. Rhg1 Qf6 26. Raf1 exd3 27. cxd3 e4+ 28. d4 Rd8 29. Qd1 0-0 30. axb5 cxb5 31. Rg3 Rc8+ 32. Kb2 Rc4 33. Kb3 Rxd4 34. Qe2 Qe6+ 35. Kb2 Rxb4+ 36. Kc1 Rc8+ 37. Kd1 Qd5+ 38. Ke1 Rb1+ 0-1

[Event "Schleswig-Holstein-ch Seniors"]
[Site "Buesum"]
[Date "2010.04.02"]
[Round "9"]
[White "Nickel, Juergen"]
[Black "Hermann, Armin"]
[Result "1-0"]
[WhiteElo "1938"]
[BlackElo "1749"]
[PlyCount "79"]
[EventDate "2010.03.27"]
[EventType "swiss"]
[EventRounds "9"]
[EventCountry "GER"]
[SourceTitle "EXT 2023"]
[Source "ChessBase"]
[SourceDate "2022.10.05"]
[SourceVersion "1"]
[SourceVersionDate "2022.10.05"]
[SourceQuality "1"]

1. e4 e5 2. Nf3 Nc6 3. Bb5 a6 4. Ba4 b5 5. Bb3 Nf6 6. Qe2 Be7 7. 0-0 d6 8. h3 Na5 9. Rd1 Nxb3 10. axb3 c5 11. d3 0-0 12. Nbd2 Bd7 13. Nf1 h6 14. Ng3 Qc8 15. Kh2 Kh7 16. Ng1 Rg8 17. f4 exf4 18. Bxf4 g5 19. Bd2 g4 20. Qe3 Qf8 21. h4 d5 22. Rf1 d4 23. Qf4 Be6 24. Nf5 g3+ 25. Kh1 Rg4 26. Qf3 Bxf5 27. Qxf5+ Kh8 28. Nf3 Rg8 29. Ne5 Qg7 30. Bxh6 Qh7 31. Qxh7+ Kxh7 32. Bg5 Kg7 33. Rf3 Rge8 34. Raf1 Nh7 35. Rxf7+ Kg8 36. Bxe7 Ra7 37. Bxc5 Rxf7 38. Nxf7 Rc8 39. Bxd4 Rxc2 40. Nh6# 1-0

[Event "Schleswig-Holstein-ch Seniors"]
[Site "Buesum"]
[Date "2010.03.29"]
[Round "3"]
[White "Thielemann, Joachim"]
[Black "Hermann, Armin"]
[Result "1-0"]
[WhiteElo "1988"]
[BlackElo "1749"]
[PlyCount "91"]
[EventDate "2010.03.27"]
[EventType "swiss"]
[EventRounds "9"]
[EventCountry "GER"]
[SourceTitle "EXT 2023"]
[Source "ChessBase"]
[SourceDate "2022.10.05"]
[SourceVersion "1"]
[SourceVersionDate "2022.10.05"]
[SourceQuality "1"]

1. e4 e5 2. Nc3 Nf6 3. d3 Be7 4. g3 d6 5. Bg2 Nc6 6. Nge2 Bg4 7. h3 Be6 8. 0-0 Qd7 9. Kh2 0-0 10. f4 exf4 11. Nxf4 Qe8 12. d4 Bc4 13. Rf2 Rd8 14. b3 Ba6 15. Ncd5 Rd7 16. c4 b5 17. cxb5 Bxb5 18. a4 Ba6 19. b4 Bb7 20. Bb2 Bd8 21. Nxf6+ Bxf6 22. Nd5 Bd8 23. Qg4 Qe6 24. Qf3 Ne7 25. Nf4 Qc4 26. d5 Ng6 27. Nh5 f6 28. h4 Ne5 29. Bxe5 dxe5 30. Bh3 Rdf7 31. Be6 Kh8 32. Bxf7 g6 33. Be6 Be7 34. Raf1 gxh5 35. Qxh5 Bc8 36. Bxc8 Rxc8 37. Qf7 Qxb4 38. Qe6 Rf8 39. g4 Qc5 40. g5 fxg5 41. Qxe5+ Kg8 42. Rxf8+ Bxf8 43. Qxg5+ Kh8 44. Qe5+ Kg8 45. Rg1+ Kf7 46. Qe6# 1-0

[Event "Hamburg-ch Seniors op 15th"]
[Site "Hamburg"]
[Date "2008.11.02"]
[Round "7"]
[White "Cassens, Erhard Otto"]
[Black "Hermann, Armin"]
[Result "1-0"]
[WhiteElo "1700"]
[BlackElo "1574"]
[PlyCount "99"]
[EventDate "2008.10.27"]
[EventType "swiss"]
[EventRounds "9"]
[EventCountry "GER"]
[SourceTitle "EXT 2022"]
[Source "ChessBase"]
[SourceDate "2021.10.06"]
[SourceVersion "1"]
[SourceVersionDate "2021.10.06"]
[SourceQuality "1"]

1. f4 d5 2. Nf3 g6 3. d3 Nf6 4. c3 Bg7 5. Qc2 b6 6. e4 dxe4 7. dxe4 Bb7 8. e5 Nfd7 9. Be3 e6 10. Nbd2 Nc6 11. Bb5 a6 12. Be2 Qe7 13. 0-0-0 0-0-0 14. Nd4 Nxd4 15. cxd4 Kb8 16. Bf3 Bxf3 17. Nxf3 Rc8 18. Rd3 c5 19. d5 exd5 20. Rxd5 f6 21. Rhd1 Rhd8 22. Qa4 Kc7 23. Qxa6 Ra8 24. Rxd7+ Rxd7 25. Rxd7+ Qxd7 26. Qxa8 Qd3 27. Qa7+ Kc6 28. Bd2 Qc4+ 29. Kd1 Qf1+ 30. Ne1 Bh6 31. Qa4+ Kd5 32. Qb3+ c4 33. Qf3+ Qxf3+ 34. Nxf3 fxe5 35. fxe5 Bg7 36. Bc3 Bh6 37. Ke2 b5 38. g4 Bf8 39. a3 Bh6 40. h4 Bf8 41. Ng5 h5 42. gxh5 gxh5 43. Kf3 Be7 44. Kf4 Bxg5+ 45. hxg5 h4 46. g6 Ke6 47. Kg4 h3 48. Kxh3 Ke7 49. Kg4 Kf8 50. Kg5 1-0

[Event "Niedersachsen-ch Seniors op 11th"]
[Site "Bad Bevensen"]
[Date "2008.07.11"]
[Round "4"]
[White "Schroeder, Christian"]
[Black "Hermann, Armin"]
[Result "1-0"]
[WhiteElo "1915"]
[BlackElo "1560"]
[PlyCount "113"]
[EventDate "2008.07.08"]
[EventType "swiss"]
[EventRounds "9"]
[EventCountry "GER"]
[SourceTitle "EXT 2022"]
[Source "ChessBase"]
[SourceDate "2021.10.06"]
[SourceVersion "1"]
[SourceVersionDate "2021.10.06"]
[SourceQuality "1"]

1. d4 d5 2. c4 e6 3. Nc3 Nf6 4. Nf3 Nbd7 5. Bg5 Be7 6. e3 c6 7. cxd5 exd5 8. Bd3 h6 9. Bh4 0-0 10. 0-0 Nh5 11. Bxe7 Qxe7 12. a3 Nhf6 13. b4 a6 14. Nd2 Re8 15. Qc2 Nf8 16. Rfe1 Bd7 17. Nb3 Ne4 18. Bxe4 dxe4 19. Nc5 Rab8 20. N5xe4 Bf5 21. f3 Nd7 22. Qf2 Bxe4 23. Nxe4 Qe6 24. Qa2 Qg6 25. Rad1 Re7 26. Ng3 Rbe8 27. e4 Nf6 28. Nf5 Re6 29. Qf2 Qg5 30. Qg3 Qxg3 31. hxg3 Nd7 32. Rd3 h5 33. Rc1 g6 34. Ne3 Nb6 35. g4 hxg4 36. Nxg4 f5 37. Ne5 fxe4 38. fxe4 Rd8 39. Rcd1 Na4 40. R1d2 Rf8 41. Rf3 Rd8 42. Ng4 Kg7 43. e5 Nb6 44. Rdd3 Nd5 45. Nf2 Ne7 46. g4 g5 47. Ne4 Kg6 48. Nd6 b6 49. Nc4 Nd5 50. Rd2 b5 51. Nd6 Nf6 52. Rc3 Rexd6 53. exd6 Rxd6 54. Rdc2 Nxg4 55. Rxc6 Rxc6 56. Rxc6+ Kf7 57. Rxa6 1-0

[Event "Niedersachsen-ch Seniors op 11th"]
[Site "Bad Bevensen"]
[Date "2008.07.09"]
[Round "2"]
[White "Eickhoff, Hermann"]
[Black "Hermann, Armin"]
[Result "1-0"]
[WhiteElo "1892"]
[BlackElo "1560"]
[PlyCount "149"]
[EventDate "2008.07.08"]
[EventType "swiss"]
[EventRounds "9"]
[EventCountry "GER"]
[SourceTitle "EXT 2022"]
[Source "ChessBase"]
[SourceDate "2021.10.06"]
[SourceVersion "1"]
[SourceVersionDate "2021.10.06"]
[SourceQuality "1"]

1. e4 e5 2. Nf3 Nc6 3. Nc3 Nf6 4. d4 exd4 5. Nxd4 Nxd4 6. Qxd4 Qe7 7. Bg5 d6 8. Bxf6 Qxf6 9. Qxf6 gxf6 10. Nd5 Kd8 11. 0-0-0 Bg7 12. Bd3 Rg8 13. Kb1 Be6 14. Rhg1 f5 15. Ne3 f4 16. Nd5 Bd4 17. Nxf4 Bxf2 18. Rgf1 Bg4 19. Ne2 Bxe2 20. Bxe2 Rxg2 21. Bc4 Rxh2 22. Rd2 Bg3 23. Rxh2 Bxh2 24. Rxf7 Ke8 25. Rxh7 Be5 26. Rxc7 Rb8 27. Bd5 Kd8 28. Rh7 Kc8 29. Rf7 a6 30. a4 b6 31. c4 a5 32. b3 Kd8 33. Kc2 Kc8 34. Kd3 Kd8 35. Ke3 Kc8 36. Kf3 Kd8 37. Kg4 Kc8 38. Kf5 Kd8 39. Ke6 Kc8 40. Bc6 Kd8 41. Rd7+ Kc8 42. Kd5 Bh2 43. Rh7 Be5 44. Bb5 Kd8 45. Rd7+ Kc8 46. Kc6 Ra8 47. Rc7+ Kd8 48. Rb7 Rc8+ 49. Kxb6 Bd4+ 50. Kxa5 Ra8+ 51. Kb4 Bc5+ 52. Kc3 Kc8 53. Rg7 Ra7 54. Rg8+ Kb7 55. b4 Be3 56. a5 Bf4 57. a6+ Kc7 58. Rg7+ Kb8 59. Rxa7 Kxa7 60. c5 dxc5 61. bxc5 Kb8 62. Kc4 Kc7 63. Kd5 Bg3 64. e5 Bh4 65. Bc6 Kb8 66. Kd6 Bg3 67. Bb5 Ka7 68. c6 Kb6 69. c7 Bxe5+ 70. Kxe5 Kxc7 71. Kd5 Kb6 72. Kd6 Ka7 73. Kc7 Ka8 74. Kb6 Kb8 75. a7+ 1-0

[Event "Schleswig Holstein-ch Seniors 62nd"]
[Site "Itzehoe"]
[Date "2007.04.06"]
[Round "9"]
[White "Von Koenen, Hermann"]
[Black "Hermann, Armin"]
[Result "0-1"]
[WhiteElo "1502"]
[BlackElo "1523"]
[PlyCount "52"]
[EventDate "2007.03.31"]
[EventType "swiss"]
[EventRounds "9"]
[EventCountry "GER"]
[SourceTitle "EXT 2010"]
[Source "ChessBase"]
[SourceDate "2010.11.25"]
[SourceVersion "1"]
[SourceVersionDate "2010.11.25"]
[SourceQuality "1"]

1. e4 e5 2. f4 d5 3. exd5 e4 4. Nc3 Nf6 5. d3 Bb4 6. Bd2 e3 7. Bxe3 Nxd5 8. Bd2 Nxc3 9. bxc3 Be7 10. Nf3 0-0 11. Be2 Re8 12. 0-0 Bc5+ 13. d4 Bb6 14. Ne5 c6 15. Kh1 Qe7 16. f5 Nd7 17. Nxd7 Bxd7 18. Bd3 f6 19. Rf4 c5 20. Rh4 Qf7 21. Qg4 c4 22. Be2 g6 23. d5 Bxf5 24. Qxc4 Rac8 25. Qb5 Rc5 26. Rxh7 Kxh7 0-1

[Event "Schleswig Holstein-ch Seniors 62nd"]
[Site "Itzehoe"]
[Date "2007.04.02"]
[Round "3"]
[White "Hermann, Armin"]
[Black "Schmidt, Niels Peter"]
[Result "1-0"]
[WhiteElo "1523"]
[BlackElo "1899"]
[PlyCount "78"]
[EventDate "2007.03.31"]
[EventType "swiss"]
[EventRounds "9"]
[EventCountry "GER"]
[SourceTitle "EXT 2010"]
[Source "ChessBase"]
[SourceDate "2010.11.25"]
[SourceVersion "1"]
[SourceVersionDate "2010.11.25"]
[SourceQuality "1"]

1. Nf3 d5 2. d4 Nf6 3. e3 Bg4 4. Nbd2 e6 5. h3 Bh5 6. Bd3 c5 7. c3 Nbd7 8. 0-0 Be7 9. dxc5 Bxc5 10. Qa4 0-0 11. b4 Be7 12. Bb2 a6 13. Rac1 b5 14. Qc2 Rc8 15. a4 Qb6 16. axb5 axb5 17. Qd1 e5 18. Be2 Bd6 19. Nh4 Bxe2 20. Qxe2 e4 21. Nf5 Ne5 22. Nxd6 Qxd6 23. Qxb5 Nd3 24. Rb1 Nxb2 25. Rxb2 Rxc3 26. Rd1 Rb8 27. Qa5 Qe5 28. Rb3 Rc2 29. b5 d4 30. exd4 Qxd4 31. Qb4 Qxb4 32. Rxb4 Rd8 33. b6 Rcc8 34. Kf1 Rb8 35. b7 Kf8 36. Ke2 Nd5 37. Rb3 f5 38. Rb2 Rd7 39. Nc4 Ne7 1-0